000 00361nam a2200145Ia 4500
005 20251222143152.0
008 251222s9999||||xx |||||||||||||| ||spa||
020 _a978-84-458-2102-2
082 _a615.82/W19
100 _aWalker, Carolina
245 0 _aFisioterapia en Obstetricia y Uroginecología
250 _a2a.ed.
264 _bElsevier
942 _cLIB
999 _c12732
_d12732